[Event "Turkey Cup 2020"]
[Site "Antalya-Belek"]
[Date "2020.01.26"]
[Round "1.49"]
[White "Seyhanoglu, Deniz"]
[Black "Yavic, Adnan"]
[Result "1-0"]
[WhiteElo "2087"]
[BlackElo "1590"]
[Annotator "NA"]
[PlyCount "73"]
[EventDate "2020.01.26"]
[EventType "swiss"]
[EventCountry "TUR"]
[SourceTitle "playchess.com"]
[Source "ChessBase"]
[SourceQuality "1"]

1. g3 e6 2. Bg2 d5 3. Nf3 Nf6 4. O-O Bd6 5. c4 c6 6. b3 O-O 7. Bb2 Nbd7 8. d4 b6 9. e3 Re8 10. Ne5 Qc7 11. f4 Bb7 12. Nc3 a6 13. Rc1 Rad8 14. cxd5 Nxd5 15. Nxd5 exd5 16. Bxd5 Re7 17. Nxc6 Bxc6 18. Rxc6 Qb8 19. Qd3 Nf6 20. Bf3 Rde8 21. Bc1 Qd8 22. Qxa6 Bc7 23. Qc4 h5 24. Bd2 Bb8 25. Rc1 Qd7 26. Rxf6 gxf6 27. Bc6 Qg4 28. Bxe8 Rxe8 29. Qc6 Rf8 30. Kf2 Qh3 31. Qg2 Qf5 32. g4 Qd3 33. Kf3 Kh7 34. h3 Re8 35. Rc3 Qb1 36. Bc1 h4 37. Qc2+ 1-0

[Event "Turkey Cup 2020"]
[Site "Antalya-Belek"]
[Date "2020.01.26"]
[Round "1.50"]
[White "Dinler, Oral"]
[Black "Kucuk, Dogan"]
[Result "0-1"]
[WhiteElo "1616"]
[BlackElo "2005"]
[Annotator "NA"]
[PlyCount "86"]
[EventDate "2020.01.26"]
[EventType "swiss"]
[EventCountry "TUR"]
[SourceTitle "playchess.com"]
[Source "ChessBase"]
[SourceQuality "1"]

1. d4 Nf6 2. Nc3 e6 3. Bf4 Be7 4. e3 O-O 5. Nf3 a6 6. h3 b5 7. a3 Bb7 8. Bd3 d6 9. O-O c5 10. dxc5 dxc5 11. Be2 Qb6 12. Qc1 Nbd7 13. Rd1 Rac8 14. Qd2 Rfd8 15. Qe1 c4 16. Ne5 Nxe5 17. Rxd8+ Rxd8 18. Bxe5 Nd7 19. Bg3 Bf6 20. Rb1 Nc5 21. Bf3 Bxf3 22. gxf3 Rd7 23. Ne4 Nxe4 24. fxe4 Qd8 25. e5 Bh4 26. f4 Bxg3 27. Qxg3 Rd2 28. Qf3 Qd5 29. e4 Qd4+ 30. Kh1 Rxc2 31. Rd1 Rd2 32. Rxd2 Qxd2 33. f5 Qc1+ 34. Kg2 Qxb2+ 35. Kg1 Qa1+ 36. Kg2 Qxe5 37. fxe6 fxe6 38. Qe3 h6 39. Qb6 Qxe4+ 40. Kg1 c3 41. Qd8+ Kh7 42. Qc8 c2 43. Kh2 Qe2+ 0-1

[Event "Turkey Cup 2020"]
[Site "Antalya-Belek"]
[Date "2020.01.26"]
[Round "1.51"]
[White "Usun, Tolga"]
[Black "Yakar, Azat"]
[Result "1-0"]
[WhiteElo "2021"]
[BlackElo "1469"]
[Annotator "NA"]
[PlyCount "85"]
[EventDate "2020.01.26"]
[EventType "swiss"]
[EventCountry "TUR"]
[SourceTitle "playchess.com"]
[Source "ChessBase"]
[SourceQuality "1"]

1. e4 c5 2. Nf3 d6 3. c3 Nf6 4. Be2 Nc6 5. d4 cxd4 6. cxd4 e5 7. Nc3 Be7 8. h3 O-O 9. O-O exd4 10. Nxd4 d5 11. Nxd5 Nxd5 12. Nxc6 bxc6 13. exd5 cxd5 14. Bf3 Be6 15. Be3 Bf6 16. Bd4 Rb8 17. Re1 Rb4 18. Bc5 Rxb2 19. Bxf8 Kxf8 20. Rb1 Rxa2 21. Rb7 Ra1 22. Qxa1 Bxa1 23. Rxa1 g6 24. Raxa7 Qg5 25. g3 h5 26. Kg2 Qf6 27. Ra3 h4 28. g4 d4 29. Rb4 Qe5 30. Rd3 Bd5 31. Bxd5 Qxd5+ 32. Kg1 Qc5 33. Rbxd4 Qc1+ 34. Kg2 Kg7 35. Rf3 Qc6 36. Rdf4 f5 37. gxf5 gxf5 38. Rxh4 Qa8 39. Rhf4 Qc6 40. Rxf5 Qe4 41. R5f4 Qd5 42. Kh2 Qe5 43. Rg3+ 1-0

[Event "Turkey Cup 2020"]
[Site "Antalya-Belek"]
[Date "2020.01.26"]
[Round "1.52"]
[White "Gunebakan, Yunus Emre"]
[Black "Ozguner, Hakki Ata"]
[Result "0-1"]
[WhiteElo "1402"]
[BlackElo "2077"]
[Annotator "NA"]
[PlyCount "58"]
[EventDate "2020.01.26"]
[EventType "swiss"]
[EventCountry "TUR"]
[SourceTitle "playchess.com"]
[Source "ChessBase"]
[SourceQuality "1"]

1. e4 c5 2. Nf3 d6 3. d4 cxd4 4. Qxd4 Nc6 5. Bb5 Bd7 6. Bxc6 Bxc6 7. Nc3 Nf6 8. Bg5 e6 9. Qd3 h6 10. Bh4 Be7 11. Nd4 O-O 12. O-O-O Rc8 13. f4 Qc7 14. Bxf6 Bxf6 15. g4 b5 16. h4 Bxd4 17. Qxd4 e5 18. fxe5 dxe5 19. Qc5 Qa5 20. Qxe5 Rfe8 21. Qh5 Bxe4 22. Rhf1 g6 23. Qxh6 Rxc3 24. bxc3 Qxc3 25. Rf2 Qa1+ 26. Kd2 Rd8+ 27. Ke3 Qxd1 28. g5 Qd4+ 29. Ke2 Qd2+ 0-1

[Event "Turkey Cup 2020"]
[Site "Antalya-Belek"]
[Date "2020.01.26"]
[Round "1.53"]
[White "Mecit, Emre"]
[Black "Saglam, Emrah Sitki"]
[Result "1-0"]
[WhiteElo "2019"]
[BlackElo "1614"]
[Annotator "NA"]
[PlyCount "49"]
[EventDate "2020.01.26"]
[EventType "swiss"]
[EventCountry "TUR"]
[SourceTitle "playchess.com"]
[Source "ChessBase"]
[SourceQuality "1"]

1. d4 Nf6 2. Nc3 d5 3. Bg5 c6 4. Bxf6 exf6 5. e3 Bd6 6. Bd3 Qc7 7. h3 Be6 8. Nf3 Nd7 9. e4 Nb6 10. O-O O-O 11. Re1 Rfe8 12. e5 fxe5 13. dxe5 Bb4 14. Ng5 g6 15. f4 Qe7 16. Qf3 Nd7 17. Qg3 Nc5 18. f5 Bd7 19. Qh4 h5 20. f6 Qd8 21. Qxb4 Nxd3 22. cxd3 b6 23. Qf4 Be6 24. g4 h4 25. Qf2 1-0

[Event "Turkey Cup 2020"]
[Site "Antalya-Belek"]
[Date "2020.01.26"]
[Round "1.54"]
[White "Arslan, Tayfun"]
[Black "Kilic, Eray"]
[Result "0-1"]
[WhiteElo "1462"]
[BlackElo "2069"]
[Annotator "NA"]
[PlyCount "90"]
[EventDate "2020.01.26"]
[EventType "swiss"]
[EventCountry "TUR"]
[SourceTitle "playchess.com"]
[Source "ChessBase"]
[SourceQuality "1"]

1. e4 c5 2. Nf3 Nc6 3. d4 cxd4 4. Nxd4 g6 5. Nc3 Bg7 6. Be3 Nf6 7. f3 O-O 8. Qd2 d5 9. exd5 Nxd5 10. Nxd5 Qxd5 11. Nxc6 Qxc6 12. c3 Bf5 13. Rd1 Qa4 14. a3 a6 15. Bd3 Rfd8 16. Qe2 Bxd3 17. Rxd3 e5 18. O-O e4 19. fxe4 Qxe4 20. Rxd8+ Rxd8 21. Qf2 Qe6 22. Re1 Re8 23. Bd2 Be5 24. Kh1 Rd8 25. Bf4 Qf5 26. Be3 Qxf2 27. Bxf2 Rd2 28. Rxe5 Rxf2 29. Kg1 Rxb2 30. c4 Rb3 31. Re7 a5 32. a4 b6 33. Ra7 Rc3 34. Rc7 Ra3 35. c5 bxc5 36. Rxc5 Rxa4 37. h3 Kg7 38. Rc6 Rb4 39. g4 a4 40. Ra6 h5 41. gxh5 gxh5 42. Kg2 f6 43. Kg3 Kg6 44. h4 Rb3+ 45. Kf4 Rh3 0-1

[Event "Turkey Cup 2020"]
[Site "Antalya-Belek"]
[Date "2020.01.26"]
[Round "1.55"]
[White "Caglar, Ahmet Ata"]
[Black "Avanoglu, Nurulllah"]
[Result "1-0"]
[WhiteElo "2065"]
[BlackElo "1569"]
[Annotator "NA"]
[PlyCount "37"]
[EventDate "2020.01.26"]
[EventType "swiss"]
[EventCountry "TUR"]
[SourceTitle "playchess.com"]
[Source "ChessBase"]
[SourceQuality "1"]

1. d4 d5 2. c4 Nf6 3. cxd5 Nxd5 4. e4 Nb6 5. Nc3 e6 6. Nf3 a6 7. Be3 N8d7 8. a4 Nf6 9. Bd3 Be7 10. O-O h6 11. Qe2 c6 12. Nd2 Nbd7 13. e5 Nd5 14. Qg4 Bf8 15. Nce4 g6 16. Nc4 Be7 17. Ned6+ Kf8 18. Nxf7 g5 19. Nxd8 1-0

[Event "Turkey Cup 2020"]
[Site "Antalya-Belek"]
[Date "2020.01.26"]
[Round "1.56"]
[White "Koc, Aylin"]
[Black "Koc, Ilkay"]
[Result "0-1"]
[WhiteElo "1500"]
[BlackElo "2007"]
[Annotator "NA"]
[PlyCount "120"]
[EventDate "2020.01.26"]
[EventType "swiss"]
[EventCountry "TUR"]
[SourceTitle "playchess.com"]
[Source "ChessBase"]
[SourceQuality "1"]

1. e4 d5 2. exd5 Nf6 3. Bc4 Bg4 4. Nf3 Nxd5 5. d4 e6 6. c3 Nd7 7. h3 Bh5 8. Bxd5 exd5 9. O-O Be7 10. Re1 O-O 11. Nbd2 Nf6 12. Nf1 Ne4 13. Ng3 Nxg3 14. fxg3 c5 15. Qe2 Bd6 16. Bf4 cxd4 17. Bxd6 Qxd6 18. g4 Bg6 19. Nxd4 Be4 20. Nf5 Qd7 21. Qf2 Rfe8 22. Rad1 b5 23. Ng3 Bg6 24. Rxe8+ Rxe8 25. Qd4 h6 26. Kf2 Qe7 27. Qf4 Qe6 28. h4 b4 29. h5 Bc2 30. Rc1 bxc3 31. bxc3 Bd3 32. Kg1 Qb6+ 33. Qf2 Rc8 34. Qxb6 axb6 35. Kf2 Ra8 36. Ra1 Ra3 37. Ke3 Rxc3 38. Kd4 Ra3 39. Kxd5 b5 40. Kc5 Kh7 41. Nf5 Be2 42. Nd6 Rc3+ 43. Kb4 Rg3 44. Nxb5 Rxg4+ 45. Ka5 Rxg2 46. a4 Bxh5 47. Kb4 f5 48. a5 Bf3 49. Nd4 Be4 50. a6 Rb2+ 51. Kc3 Rb8 52. a7 Rc8+ 53. Kd2 f4 54. Ke2 g5 55. Nb5 Ba8 56. Rd1 Bc6 57. Nd4 Be4 58. Ra1 g4 59. Nb5 Ba8 60. Rd1 Bf3+ 0-1

[Event "Turkey Cup 2020"]
[Site "Antalya-Belek"]
[Date "2020.01.26"]
[Round "1.57"]
[White "Sahin, Handenur"]
[Black "Seb, Ozgur"]
[Result "1/2-1/2"]
[WhiteElo "2024"]
[BlackElo "1573"]
[Annotator "NA"]
[PlyCount "125"]
[EventDate "2020.01.26"]
[EventType "swiss"]
[EventCountry "TUR"]
[SourceTitle "playchess.com"]
[Source "ChessBase"]
[SourceQuality "1"]

1. e4 e6 2. d4 d5 3. Nd2 Nf6 4. e5 Nfd7 5. Bd3 c5 6. c3 Nc6 7. Ne2 Be7 8. O-O O-O 9. Nf3 f6 10. exf6 Nxf6 11. Bg5 cxd4 12. cxd4 Nb4 13. Bb1 Nh5 14. Bxe7 Qxe7 15. Ne5 Nc6 16. Qd3 Nf6 17. Ng3 g6 18. Bc2 Nb4 19. Qa3 Nc6 20. Qc3 Nxe5 21. dxe5 Nd7 22. Rac1 Qg5 23. Rfe1 Qf4 24. Qe3 Qf7 25. f3 Nb8 26. Ba4 Na6 27. Ne2 Bd7 28. Bb3 Nb4 29. Rc7 Rfb8 30. Nd4 Na6 31. Rc3 Qe8 32. Qg5 Rc8 33. Rec1 Rxc3 34. Rxc3 Rc8 35. Qc1 Rxc3 36. Qxc3 b6 37. Bc2 Qe7 38. g3 Qc5 39. Kf2 Nb4 40. Bb1 Nc6 41. Qxc5 bxc5 42. Nb3 c4 43. Nc5 Bc8 44. f4 Kf8 45. Ke3 Ke7 46. h4 Kf7 47. h5 Kg7 48. hxg6 hxg6 49. Kd2 g5 50. Kc3 gxf4 51. gxf4 a5 52. b3 cxb3 53. Nxb3 Kf7 54. Nd4 Ne7 55. Bd3 Bd7 56. Nb3 a4 57. Nc5 Bc6 58. Kd4 Nc8 59. a3 Nb6 60. Kc3 Ke7 61. f5 exf5 62. Bxf5 Nc4 63. Bc2 1/2-1/2

[Event "Turkey Cup 2020"]
[Site "Antalya-Belek"]
[Date "2020.01.26"]
[Round "1.59"]
[White "Buke, Furkan"]
[Black "Saglam, Baver"]
[Result "1-0"]
[WhiteElo "2041"]
[BlackElo "1364"]
[Annotator "NA"]
[PlyCount "51"]
[EventDate "2020.01.26"]
[EventType "swiss"]
[EventCountry "TUR"]
[SourceTitle "playchess.com"]
[Source "ChessBase"]
[SourceQuality "1"]

1. e4 e5 2. Nc3 Nc6 3. Bc4 Nf6 4. d3 Na5 5. Bb3 Nxb3 6. axb3 Bb4 7. Nf3 d5 8. exd5 Nxd5 9. Bd2 O-O 10. O-O Nxc3 11. bxc3 Bd6 12. Re1 Re8 13. Ng5 f5 14. Qh5 h6 15. Nf7 Qe7 16. Nxe5 Bxe5 17. f4 Qc5+ 18. Be3 Qc6 19. fxe5 Rxe5 20. Bd4 Re6 21. Rxe6 Qxe6 22. Qh4 Qf7 23. Qd8+ Kh7 24. Re1 h5 25. Re7 Be6 26. Qxc7 1-0

[Event "Turkey Cup 2020"]
[Site "Antalya-Belek"]
[Date "2020.01.26"]
[Round "1.60"]
[White "Yenice, Yusuf Erkan"]
[Black "Makaraci, Tunahan"]
[Result "0-1"]
[WhiteElo "1508"]
[BlackElo "2029"]
[Annotator "NA"]
[PlyCount "80"]
[EventDate "2020.01.26"]
[EventType "swiss"]
[EventCountry "TUR"]
[SourceTitle "playchess.com"]
[Source "ChessBase"]
[SourceQuality "1"]

1. e4 Nf6 2. e5 Nd5 3. d4 d6 4. c4 Nb6 5. exd6 cxd6 6. Nc3 g6 7. Be3 Bg7 8. Rc1 O-O 9. Nf3 Bg4 10. b3 d5 11. c5 Nc8 12. Be2 Nc6 13. O-O e6 14. Rb1 N8e7 15. Qd2 Nf5 16. Rfd1 Bxf3 17. Bxf3 Ncxd4 18. Bxd4 Nxd4 19. Be2 Qe7 20. Na4 Rfd8 21. Bf1 e5 22. b4 e4 23. Nc3 Qh4 24. Ne2 Nxe2+ 25. Qxe2 d4 26. g3 Qe7 27. Re1 Re8 28. Bg2 f5 29. Qc4+ Kh8 30. f3 e3 31. Bf1 Rad8 32. Qd3 Qf7 33. Rb3 f4 34. g4 Qd5 35. Be2 Bf6 36. Kg2 Bh4 37. Rh1 Re5 38. Qc4 Qxc4 39. Bxc4 e2 40. Kh3 e1=Q 0-1

[Event "Turkey Cup 2020"]
[Site "Antalya-Belek"]
[Date "2020.01.26"]
[Round "1.61"]
[White "Demircin, Kasim"]
[Black "Atasoy, Ata"]
[Result "1-0"]
[WhiteElo "1915"]
[BlackElo "1527"]
[Annotator "NA"]
[PlyCount "61"]
[EventDate "2020.01.26"]
[EventType "swiss"]
[EventCountry "TUR"]
[SourceTitle "playchess.com"]
[Source "ChessBase"]
[SourceQuality "1"]

1. e4 c5 2. Nf3 e6 3. d4 cxd4 4. Nxd4 a6 5. Bd3 Nc6 6. Nxc6 dxc6 7. O-O e5 8. Nd2 b5 9. Nf3 Qc7 10. a4 Bb7 11. b3 Nf6 12. Qe2 Be7 13. Bb2 Nd7 14. Rfd1 O-O 15. Ne1 Nc5 16. Qh5 f6 17. Ba3 Rad8 18. Qh3 Bc8 19. Qe3 Ne6 20. Bxe7 Qxe7 21. Qb6 Qc5 22. Qxc5 Nxc5 23. axb5 cxb5 24. f3 g6 25. Rdc1 Kg7 26. b4 Ne6 27. c4 Nf4 28. cxb5 Nxd3 29. Nxd3 Rxd3 30. bxa6 Rf7 31. Rxc8 1-0

[Event "Turkey Cup 2020"]
[Site "Antalya-Belek"]
[Date "2020.01.26"]
[Round "1.62"]
[White "Atas, Remzi"]
[Black "Okus, Melih"]
[Result "0-1"]
[WhiteElo "1498"]
[BlackElo "1933"]
[Annotator "NA"]
[PlyCount "42"]
[EventDate "2020.01.26"]
[EventType "swiss"]
[EventCountry "TUR"]
[SourceTitle "playchess.com"]
[Source "ChessBase"]
[SourceQuality "1"]

1. d4 c5 2. c3 e6 3. e4 d5 4. Bb5+ Bd7 5. Qe2 dxe4 6. Bxd7+ Qxd7 7. Qxe4 Nf6 8. Qf3 cxd4 9. cxd4 Nc6 10. Ne2 Bb4+ 11. Bd2 Bxd2+ 12. Nxd2 Nxd4 13. Nxd4 Qxd4 14. Nb3 Qxb2 15. O-O Nd5 16. Rfb1 Qf6 17. Qe4 O-O 18. Rc1 Rac8 19. Nd4 Nc3 20. Qe3 Qxd4 21. Rxc3 Qxc3 0-1

[Event "Turkey Cup 2020"]
[Site "Antalya-Belek"]
[Date "2020.01.26"]
[Round "1.63"]
[White "Can, Furkan"]
[Black "Celik, Ege Yigit"]
[Result "1-0"]
[WhiteElo "1980"]
[BlackElo "1558"]
[Annotator "NA"]
[PlyCount "125"]
[EventDate "2020.01.26"]
[EventType "swiss"]
[EventCountry "TUR"]
[SourceTitle "playchess.com"]
[Source "ChessBase"]
[SourceQuality "1"]

1. d4 Nf6 2. Nf3 g6 3. Nbd2 d5 4. e3 Bg7 5. b4 O-O 6. c4 c6 7. a4 Bf5 8. Bb2 Ne4 9. Be2 Na6 10. Qb3 Nc7 11. O-O Re8 12. Rfd1 a5 13. bxa5 Rxa5 14. cxd5 cxd5 15. Nxe4 dxe4 16. Nd2 Be6 17. Qxb7 Bd5 18. Qb4 Na6 19. Qa3 Bc6 20. Qc3 Nb8 21. Qb3 Qd7 22. Bc4 Rf8 23. Bc3 Rxa4 24. d5 Rxa1 25. Rxa1 Bxc3 26. Qxc3 Bxd5 27. Bxd5 Qxd5 28. h3 Qd3 29. Qb4 Nc6 30. Qxe4 Qxe4 31. Nxe4 Rd8 32. Ra6 Ne5 33. Ra7 Rd7 34. Ra8+ Kg7 35. g4 h6 36. Kg2 e6 37. Rc8 Nd3 38. h4 f5 39. gxf5 exf5 40. Nc3 Ne5 41. Nb5 Ng4 42. Nd4 Kf7 43. h5 gxh5 44. Rc5 Kg6 45. Rc6+ Nf6 46. Nf3 Kg7 47. Nd4 Kg6 48. Kg3 Rd5 49. Kf4 h4 50. Nf3 Kg7 51. Nxh4 Nh5+ 52. Kf3 f4 53. e4 Rd3+ 54. Kg4 Nf6+ 55. Kf5 Rh3 56. Rc7+ Kg8 57. Kxf6 Rxh4 58. e5 f3 59. Rc8+ Kh7 60. e6 Rg4 61. e7 Rg6+ 62. Kf5 Rg5+ 63. Kf4 1-0

[Event "Turkey Cup 2020"]
[Site "Antalya-Belek"]
[Date "2020.01.26"]
[Round "1.64"]
[White "Kalender, Murat Emre"]
[Black "Ibik, Halit Yavuz"]
[Result "0-1"]
[WhiteElo "1618"]
[BlackElo "1952"]
[Annotator "NA"]
[PlyCount "109"]
[EventDate "2020.01.26"]
[EventType "swiss"]
[EventCountry "TUR"]
[SourceTitle "playchess.com"]
[Source "ChessBase"]
[SourceQuality "1"]

1. d4 d5 2. Bf4 Nf6 3. e3 e6 4. c3 Bd6 5. Bg3 Qe7 6. Nf3 Nbd7 7. Nbd2 e5 8. dxe5 Nxe5 9. Nxe5 Bxe5 10. Bxe5 Qxe5 11. Nf3 Qe7 12. Be2 O-O 13. O-O b6 14. Qa4 c5 15. h3 Rd8 16. Rad1 Rd6 17. Bd3 Bb7 18. Ba6 Bc6 19. Bb5 Bb7 20. Ba6 Bc6 21. Bb5 Bxb5 22. Qxb5 Rad8 23. Rd3 Ne4 24. Rfd1 Qe6 25. Qa4 a5 26. Qb5 h6 27. Qa4 c4 28. Rd4 Qf5 29. Qc2 g5 30. Rf1 Rf6 31. Rfd1 Rdd6 32. Qe2 h5 33. Rf1 Rg6 34. Rfd1 Rgf6 35. Rf1 g4 36. Nd2 gxh3 37. g3 h4 38. g4 Qe6 39. Nxe4 dxe4 40. Rxd6 Qxd6 41. Rd1 Qe6 42. Rd8+ Kg7 43. Rd4 Rf3 44. Qf1 Qxg4+ 45. Kh2 Qf5 46. Qg1+ Kh7 47. Rd2 Qe5+ 48. Kh1 Rf6 49. Qh2 Qf5 50. Qf4 Qg6 51. Qxh4+ Kg7 52. Qxh3 Rf5 53. Qh4 Rf6 54. Qg3 Rf3 55. Qxg6+ 0-1

[Event "Turkey Cup 2020"]
[Site "Antalya-Belek"]
[Date "2020.01.26"]
[Round "1.65"]
[White "Gokbulut, Julia"]
[Black "Bilgin, Kaan Bora"]
[Result "1-0"]
[WhiteElo "1989"]
[BlackElo "1267"]
[Annotator "NA"]
[PlyCount "68"]
[EventDate "2020.01.26"]
[EventType "swiss"]
[EventCountry "TUR"]
[SourceTitle "playchess.com"]
[Source "ChessBase"]
[SourceQuality "1"]

1. d4 Nf6 2. c4 e6 3. Nf3 d5 4. g3 Be7 5. Bg2 O-O 6. O-O Nbd7 7. b3 c5 8. cxd5 Nxd5 9. Bb2 Bf6 10. e4 N5b6 11. e5 Be7 12. Nc3 c4 13. Rc1 cxb3 14. Qxb3 Re8 15. Nb5 a6 16. Nc7 h5 17. Nxa8 Nxa8 18. Ba3 b5 19. Bxe7 Qxe7 20. Qd3 Nab6 21. h4 Nc4 22. Ng5 g6 23. Bf3 Nf8 24. Ne4 Nd7 25. Nd2 Ndb6 26. Nxc4 Nxc4 27. Qe2 Rd8 28. Rfd1 Qa7 29. d5 exd5 30. Rxd5 Rxd5 31. Bxd5 Bg4 32. Qe4 Nd2 33. Qxg6+ Kf8 34. Qh6+ Kg8 1-0

[Event "Turkey Cup 2020"]
[Site "Antalya-Belek"]
[Date "2020.01.26"]
[Round "1.66"]
[White "Oz, Dindar"]
[Black "Erdogan, Atakan"]
[Result "1/2-1/2"]
[WhiteElo "1603"]
[BlackElo "1901"]
[Annotator "NA"]
[PlyCount "109"]
[EventDate "2020.01.26"]
[EventType "swiss"]
[EventCountry "TUR"]
[SourceTitle "playchess.com"]
[Source "ChessBase"]
[SourceQuality "1"]

1. d4 Nf6 2. Bg5 Ne4 3. h4 c5 4. d5 Qb6 5. Nd2 Nxg5 6. hxg5 g6 7. e4 d6 8. Ngf3 Bg7 9. Nc4 Qc7 10. e5 O-O 11. exd6 exd6 12. Be2 Re8 13. c3 Nd7 14. a4 b6 15. Kf1 Ba6 16. Ne3 Bxe2+ 17. Qxe2 Ne5 18. Nxe5 Rxe5 19. Qg4 Qe7 20. Qh4 Re8 21. Qxh7+ Kf8 22. Rh3 Qxg5 23. Qh4 Qxh4 24. Rxh4 f5 25. g3 Bf6 26. Rh7 Bg7 27. Rh4 Kf7 28. Kg2 g5 29. Rh5 Kg6 30. Rxg5+ Kxg5 31. f4+ Kg6 32. fxe5 Rxe5 33. Kf3 Bh6 34. Re1 Kf6 35. c4 Re4 36. b3 Ke5 37. Re2 Bg5 38. Re1 Bxe3 39. Rxe3 Kd4 40. Rxe4+ fxe4+ 41. Ke2 e3 42. g4 Ke4 43. g5 Kf5 44. Kxe3 Kxg5 45. Ke4 Kg4 46. Ke3 Kf5 47. Kf3 Ke5 48. Kg4 Kf6 49. Kf4 a6 50. Kg4 Kg6 51. Kf4 Kf6 52. Kg4 Kg6 53. Kf4 Kf6 54. Kg4 Ke5 55. Kg5 1/2-1/2

[Event "Turkey Cup 2020"]
[Site "Antalya-Belek"]
[Date "2020.01.26"]
[Round "1.67"]
[White "Demirbas, Emre"]
[Black "Gursu, Ahmet Burak"]
[Result "1/2-1/2"]
[WhiteElo "1944"]
[BlackElo "1297"]
[Annotator "NA"]
[PlyCount "93"]
[EventDate "2020.01.26"]
[EventType "swiss"]
[EventCountry "TUR"]
[SourceTitle "playchess.com"]
[Source "ChessBase"]
[SourceQuality "1"]

1. Nf3 d5 2. c4 d4 3. e3 c5 4. exd4 cxd4 5. g3 Nc6 6. Bg2 Nf6 7. d3 e5 8. O-O Bd6 9. b4 Nxb4 10. Nxe5 O-O 11. a3 Na6 12. Nf3 Nc5 13. Bb2 Bf5 14. Nxd4 Bxd3 15. Re1 Bg6 16. Nb5 Be7 17. Qxd8 Bxd8 18. N1c3 Nd3 19. Re2 Nxb2 20. Rxb2 Rb8 21. Rd1 Be7 22. Nd6 b6 23. Re2 Bxd6 24. Rxd6 Rbd8 25. Rxd8 Rxd8 26. Nd5 Kf8 27. Re1 Bd3 28. Nxf6 gxf6 29. Rd1 Ke7 30. Bd5 Bf5 31. f4 Be6 32. Re1 Kd6 33. Bxe6 fxe6 34. Rd1+ Ke7 35. Rxd8 Kxd8 36. Kf2 h5 37. h3 f5 38. Ke3 Ke7 39. Kd3 Kd7 40. Kd4 Kd6 41. a4 a6 42. h4 a5 43. Kd3 Kc5 44. Kc3 Kc6 45. Kd4 Kd6 46. Kd3 Kc5 47. Kc3 1/2-1/2

[Event "Turkey Cup 2020"]
[Site "Antalya-Belek"]
[Date "2020.01.26"]
[Round "1.68"]
[White "Sari, Engin"]
[Black "Kilic, Gokturk Kagan"]
[Result "0-1"]
[WhiteElo "1474"]
[BlackElo "1923"]
[Annotator "NA"]
[PlyCount "94"]
[EventDate "2020.01.26"]
[EventType "swiss"]
[EventCountry "TUR"]
[SourceTitle "playchess.com"]
[Source "ChessBase"]
[SourceQuality "1"]

1. e4 c5 2. Nf3 e6 3. d4 cxd4 4. Nxd4 a6 5. c4 Nf6 6. Nc3 Bb4 7. Qf3 d6 8. Bd2 Qc7 9. Bd3 Nbd7 10. O-O O-O 11. a3 Bc5 12. Nc2 Ne5 13. Qe2 Bd7 14. Kh1 Nfg4 15. Ne3 Nxd3 16. Qxd3 Bxe3 17. Bxe3 d5 18. f4 Qxc4 19. Qxc4 dxc4 20. Bc5 Rfc8 21. Rad1 Bc6 22. Bb6 Nf6 23. Rd4 Nd7 24. Ba5 Nc5 25. Bb6 Nb3 26. Rd6 a5 27. Rfd1 h5 28. h3 Kh7 29. Kg1 Ra6 30. Be3 b5 31. Kf2 b4 32. Nb1 Raa8 33. Kf3 f5 34. Rxe6 Bxe4+ 35. Kf2 Rd8 36. Rg1 h4 37. g3 hxg3+ 38. Kxg3 Re8 39. Re5 Rac8 40. Nd2 Rxe5 41. fxe5 Nxd2 42. Bxd2 c3 43. bxc3 bxc3 44. Bc1 c2 45. Kf4 Rd8 46. Kg3 Rd5 47. Bb2 Rb5 0-1

[Event "Turkey Cup 2020"]
[Site "Antalya-Belek"]
[Date "2020.01.26"]
[Round "1.69"]
[White "Ozalp, Burak"]
[Black "Ersoy, Emre"]
[Result "1-0"]
[WhiteElo "1897"]
[BlackElo "1499"]
[Annotator "NA"]
[PlyCount "51"]
[EventDate "2020.01.26"]
[EventType "swiss"]
[EventCountry "TUR"]
[SourceTitle "playchess.com"]
[Source "ChessBase"]
[SourceQuality "1"]

1. e4 e6 2. d4 d5 3. Nc3 Bb4 4. Nge2 dxe4 5. a3 Be7 6. Nxe4 Nd7 7. Be3 Ngf6 8. N2c3 Nxe4 9. Nxe4 Nf6 10. Bd3 O-O 11. Qf3 Rb8 12. O-O-O b5 13. h4 Qd5 14. Bg5 Re8 15. Bxf6 Bxf6 16. Nxf6+ gxf6 17. Qxf6 e5 18. Rhe1 e4 19. f3 Re6 20. Bxe4 Qa2 21. Qd8+ Kg7 22. Bd5 Rd6 23. Qg5+ Rg6 24. Bxa2 Rxg5 25. hxg5 c5 26. dxc5 1-0

[Event "Turkey Cup 2020"]
[Site "Antalya-Belek"]
[Date "2020.01.26"]
[Round "1.70"]
[White "Kahraman, Yusuf"]
[Black "Dogdu, Mehmet"]
[Result "0-1"]
[WhiteElo "1438"]
[BlackElo "1914"]
[Annotator "NA"]
[PlyCount "128"]
[EventDate "2020.01.26"]
[EventType "swiss"]
[EventCountry "TUR"]
[SourceTitle "playchess.com"]
[Source "ChessBase"]
[SourceQuality "1"]

1. e4 c6 2. d4 d5 3. Nc3 dxe4 4. Nxe4 Bf5 5. Ng3 Bg6 6. Nf3 Nd7 7. h4 h6 8. Bd3 Bxd3 9. Qxd3 e6 10. Bf4 Qa5+ 11. c3 Ngf6 12. O-O Be7 13. Nd2 Nd5 14. Be5 Nxe5 15. dxe5 O-O-O 16. Nc4 Qa6 17. Ne4 Kb8 18. Rfd1 f5 19. Ned6 b5 20. Nd2 Bxd6 21. exd6 Qb7 22. c4 Nf4 23. Qf3 g5 24. c5 e5 25. a4 g4 26. Qe3 Rde8 27. axb5 Qxb5 28. Ra3 Ne2+ 29. Kh1 f4 30. Qb3 Nd4 31. Qxb5+ Nxb5 32. Ra4 Rhg8 33. Ne4 Re6 34. Rb4 Kc8 35. Nc3 Nd4 36. Ra4 Rg7 37. Re1 Nb3 38. Rxf4 Nxc5 39. Rc4 Nd3 40. Rxc6+ Kb7 41. Re3 Nxf2+ 42. Kg1 Kxc6 43. Kxf2 Kxd6 44. Rd3+ Kc6 45. Rd8 Rd7 46. Rg8 Rd2+ 47. Kg3 h5 48. Rc8+ Kb7 49. Rh8 Rxb2 50. Ne4 Rc6 51. Rxh5 a5 52. Rxe5 Kb6 53. Re8 Ka7 54. Re7+ Ka6 55. Kxg4 a4 56. Re8 Rxg2+ 57. Kf5 Rg7 58. Rd8 Rb7 59. h5 a3 60. Rd3 Rb5+ 61. Kg4 a2 62. Ra3+ Ra5 63. Rxa2 Rxa2 64. Kg5 Ra5+ 0-1

[Event "Turkey Cup 2020"]
[Site "Antalya-Belek"]
[Date "2020.01.26"]
[Round "1.71"]
[White "Yaylali, Adnan Dogan"]
[Black "Sulak, Yusuf"]
[Result "1-0"]
[WhiteElo "1947"]
[BlackElo "1556"]
[Annotator "NA"]
[PlyCount "107"]
[EventDate "2020.01.26"]
[EventType "swiss"]
[EventCountry "TUR"]
[SourceTitle "playchess.com"]
[Source "ChessBase"]
[SourceQuality "1"]

1. d4 Nf6 2. c4 e6 3. Nf3 d5 4. Nc3 Nbd7 5. cxd5 exd5 6. Bf4 c6 7. e3 Be7 8. Bd3 O-O 9. Rc1 Re8 10. O-O Nh5 11. Nxd5 Nxf4 12. Nxf4 Bd6 13. Ne2 Nf6 14. Ng3 Bxg3 15. hxg3 Bg4 16. Qb3 Bxf3 17. gxf3 Qd7 18. Kg2 Rad8 19. Rh1 h6 20. g4 Nxg4 21. fxg4 Qxg4+ 22. Kf1 Qf3 23. Rh2 Rxd4 24. Be2 Qe4 25. Qxb7 Rd6 26. Qxa7 Qe5 27. f4 Qxb2 28. Qxf7+ Kxf7 29. Bc4+ Kf6 30. Rxb2 Rxe3 31. Kf2 Re4 32. a4 Rdd4 33. Bb3 Rxf4+ 34. Ke3 Rfe4+ 35. Kf2 Rf4+ 36. Ke2 Rfe4+ 37. Kf1 Rd6 38. a5 Rb4 39. Rc4 Rb5 40. Ra4 Rd7 41. a6 Ra7 42. Rf2+ Rf5 43. Rxf5+ Kxf5 44. Bc4 Ke5 45. Rb4 Kd6 46. Kf2 g5 47. Rb8 Kc7 48. Rh8 Kb6 49. Rxh6 Re7 50. Rg6 Re5 51. Rg7 Ra5 52. Ke3 Ra3+ 53. Kd4 Ra1 54. Rb7+ 1-0